<?xml version="1.0" encoding="UTF-8"?>
<record
    xmlns:xsi="http://www.w3.org/2001/XMLSchema-instance"
    xsi:schemaLocation="http://www.loc.gov/MARC21/slim http://www.loc.gov/standards/marcxml/schema/MARC21slim.xsd"
    xmlns="http://www.loc.gov/MARC21/slim">

  <leader>01705nam a22002297a 4500</leader>
  <controlfield tag="003">AR-RoUNCS</controlfield>
  <controlfield tag="005">20260204150725.0</controlfield>
  <controlfield tag="008">100201s2008    ag     gr     000 f spa  </controlfield>
  <datafield tag="015" ind1=" " ind2=" ">
    <subfield code="a">AR-2008</subfield>
  </datafield>
  <datafield tag="020" ind1=" " ind2=" ">
    <subfield code="a">978-987-04-0988-5</subfield>
  </datafield>
  <datafield tag="040" ind1=" " ind2=" ">
    <subfield code="a">AR-BaBN</subfield>
    <subfield code="b">spa</subfield>
    <subfield code="c">AR-RoUNCS</subfield>
    <subfield code="e">aacr</subfield>
  </datafield>
  <datafield tag="044" ind1=" " ind2=" ">
    <subfield code="a">ag</subfield>
    <subfield code="c">ar-c</subfield>
  </datafield>
  <datafield tag="080" ind1="1" ind2=" ">
    <subfield code="a">82-31(72)</subfield>
    <subfield code="2">2016</subfield>
  </datafield>
  <datafield tag="100" ind1="1" ind2=" ">
    <subfield code="a">Fuentes, Carlos,</subfield>
    <subfield code="d">1928-2012</subfield>
    <subfield code="e">autor</subfield>
    <subfield code="4">aut</subfield>
  </datafield>
  <datafield tag="245" ind1="1" ind2="0">
    <subfield code="a">Gringo viejo /</subfield>
    <subfield code="c">Carlos Fuentes.</subfield>
  </datafield>
  <datafield tag="260" ind1=" " ind2=" ">
    <subfield code="a">Buenos Aires :</subfield>
    <subfield code="b">Alfaguara,</subfield>
    <subfield code="c">2008.</subfield>
  </datafield>
  <datafield tag="300" ind1=" " ind2=" ">
    <subfield code="a">229 p. ;</subfield>
    <subfield code="c">24 cm.</subfield>
  </datafield>
  <datafield tag="520" ind1="3" ind2=" ">
    <subfield code="a">Esta obra nos transporta a uno de los momentos m&#xE1;s convulsos pero tambi&#xE9;n m&#xE1;s fascinantes de la historia de M&#xE9;xico: los a&#xF1;os de la Revoluci&#xF3;n. All&#xED; fue a parar un personaje real, Ambrose Bierce, en el que est&#xE1; inspirado el protagonista de la novela.

Bierce, ex-militar, escritor y periodista, era ya un anciano cuando cruz&#xF3; la frontera en el a&#xF1;o 1913 para ir al encuentro del ej&#xE9;rcito de Pancho Villa. Jam&#xE1;s se volvi&#xF3; a saber nada m&#xE1;s de &#xE9;l. A partir de este punto arranca la ficci&#xF3;n, narrada de forma maravillosa por Carlos Fuentes.

El gringo viejo se encuentra con un pa&#xED;s devastado por la pobreza y la violencia. La guerra ha destruido pr&#xE1;cticamente todo. En la vieja hacienda de los Miranda (que han huido a Europa) se topa con los otros dos personajes principales de la historia: el general Arroyo, un brutal jefe revolucionario de personalidad compleja, y Harriet, una estadounidense contratada como profesora de ingl&#xE9;s de los hijos de los Miranda, obstinada en permanecer all&#xED; y cumplir con su obligaci&#xF3;n a&#xFA;n a riesgo de perder la vida.</subfield>
  </datafield>
  <datafield tag="650" ind1=" " ind2="7">
    <subfield code="2">embne</subfield>
    <subfield code="a">Literatura mexicana</subfield>
  </datafield>
  <datafield tag="655" ind1=" " ind2="7">
    <subfield code="a">Novelas hist&#xF3;ricas</subfield>
    <subfield code="2">embne</subfield>
  </datafield>
  <datafield tag="942" ind1=" " ind2=" ">
    <subfield code="2">udc</subfield>
    <subfield code="c">LPD</subfield>
    <subfield code="n">0</subfield>
  </datafield>
  <datafield tag="999" ind1=" " ind2=" ">
    <subfield code="c">879</subfield>
    <subfield code="d">879</subfield>
  </datafield>
  <datafield tag="952" ind1=" " ind2=" ">
    <subfield code="0">0</subfield>
    <subfield code="1">0</subfield>
    <subfield code="2">udc</subfield>
    <subfield code="4">0</subfield>
    <subfield code="7">0</subfield>
    <subfield code="8">CG</subfield>
    <subfield code="a">ESOCIALES</subfield>
    <subfield code="b">ESOCIALES</subfield>
    <subfield code="d">2026-02-04</subfield>
    <subfield code="e">Donaci&#xF3;n 2023</subfield>
    <subfield code="l">0</subfield>
    <subfield code="o">82-31(72) F954</subfield>
    <subfield code="p">000229</subfield>
    <subfield code="r">2026-02-04 15:08:15</subfield>
    <subfield code="w">2026-02-04</subfield>
    <subfield code="y">LPD</subfield>
  </datafield>
</record>
